000
00242nam a2200097Ia 4500
001
1153488
005
20250827011125.0
008
250824s9999 xx 000 0 und d
245
0
_a
HÜRREM SULTAN
_c
M.SAMİH FETHİ
260
_b
PANAMA YAYINLARI
999
_c
1153488
_d
1153488